Apenas ayer
Uloženo v:
| Hlavní autor: | |
|---|---|
| Médium: | Kniha |
| Jazyk: | španělština |
| Vydáno: |
Buenos Aires
EUDEBA
1964
|
| Edice: | Lectores de EUDEBA
|
| Témata: | |
| Tagy: |
Přidat tag
Žádné tagy, Buďte první, kdo vytvoří štítek k tomuto záznamu!
|
MARC
| LEADER | 00000nam a2200000 a 4500 | ||
|---|---|---|---|
| 001 | UCS2540 | ||
| 003 | CL-VaPUC | ||
| 008 | 970604e19640000AG |||||||||||||||||spa|d | ||
| 082 | 0 | 4 | |a 973.915 |b LEW |2 21 |
| 100 | |a Allen, Frederick Lewis |e author |9 442802 | ||
| 245 | 1 | 0 | |a Apenas ayer |
| 300 | |a 443 p | ||
| 942 | |c BK | ||
| 945 | |d 19970604 00:00:00 |a paguirre | ||
| 260 | |a Buenos Aires |b EUDEBA |c 1964 | ||
| 650 | 7 | |a HISTORIA UNIVERSAL SIGLO 20 |2 CL-VaPUC |9 361893 | |
| 650 | 7 | |a GUERRA MUNDIAL |2 CL-VaPUC |9 346688 | |
| 650 | 0 | |a Revolución cultural |9 340386 | |
| 650 | 0 | |a Procesos sociales |9 337802 | |
| 650 | 7 | |a CRISIS CULTURAL |2 CL-VaPUC |9 337729 | |
| 651 | 0 | |a Estados Unidos |9 255178 | |
| 583 | |a last modification |c 20160912 11:24:10 |k Rodrigo Vera | ||
| 490 | 0 | |a Lectores de EUDEBA | |
| 999 | |c 260486 |d 260484 | ||
| 952 | |0 0 |1 0 |4 0 |6 973_915000000000000_LEW_1964 |7 0 |8 P |9 286653 |a BIBDER |b BIBDER |d 2019-11-19 |i 185979K |o 973.915 LEW 1964 |p 185979K |r 2023-01-25 |w 2019-11-19 |y BK |k DER | ||
| 952 | |0 0 |1 0 |4 0 |6 973_915000000000000_LEW_1964 |7 0 |8 A |9 286654 |a BIBHIS |b BIBHIS |d 2019-11-19 |i 1337351 |o 973.915 LEW 1964 |p 1337351 |r 2025-01-20 |w 2019-11-19 |y BK |k HIS | ||